Ассоциации выпускников ТПУ 10 лет; Томский политехник; Вып. 8

Detaylı Bibliyografya
Parent link:Томский политехник: ежегодный журнал/ Томский политехнический университет (ТПУ), Ассоциация выпускников.— , 1995-
Вып. 8.— 2002.— [С. 144-147]
Yazar: Чернышев А. И.
Özet:Заглавие с титульного листа
Электронная версия печатной публикации
Dil:Rusça
İngilizce
Baskı/Yayın Bilgisi: 2002
Seri Bilgileri:Дела ассоциации
Konular:
Online Erişim:Цветная версия без потери качества
Materyal Türü: MixedMaterials Elektronik Kitap Bölümü
KOHA link:https://koha.lib.tpu.ru/cgi-bin/koha/opac-detail.pl?biblionumber=198432

MARC

LEADER 00000nla2a2200000 4500
001 198432
005 20231031184001.0
035 |a (RuTPU)RU\TPU\book\216422 
035 |a RU\TPU\book\216418 
090 |a 198432 
100 |a 20110629d2002 km y0rusy50 ca 
101 0 |a rus  |a eng 
102 |a RU 
135 |a drnn ---uucaa 
181 0 |a i  
182 0 |a b 
200 1 |a Ассоциации выпускников ТПУ 10 лет  |b Электронный ресурс  |d TPU Alumni Association celebrates its tenth anniversary  |f А. И. Чернышев 
203 |a Текст  |c электронный 
215 |a 1 файл (8.6 Мб) 
225 1 |a Дела ассоциации 
230 |a Электронные текстовые данные (1 файл : 8.6 Мб) 
300 |a Заглавие с титульного листа 
300 |a Электронная версия печатной публикации 
337 |a Adobe Reader 
461 1 |0 (RuTPU)RU\TPU\book\202435  |t Томский политехник  |o ежегодный журнал  |f Томский политехнический университет (ТПУ), Ассоциация выпускников  |d 1995- 
463 1 |0 (RuTPU)RU\TPU\book\215843  |t Вып. 8  |v [С. 144-147]  |d 2002  |p 180 с. 
510 1 |a TPU Alumni Association celebrates its tenth anniversary  |z eng 
601 0 2 |a Томский политехнический университет (ТПУ)  |b Ассоциация выпускников  |2 stltpush  |3 (RuTPU)RU\TPU\col\13437 
610 1 |a общественные организации 
610 1 |a структура 
610 1 |a деятельность 
610 1 |a правление 
610 1 |a электронный ресурс 
700 1 |a Чернышев  |b А. И. 
801 1 |a RU  |b 63413507  |c 20101101 
801 2 |a RU  |b 63413507  |c 20110825  |g RCR 
856 4 |u http://www.lib.tpu.ru/fulltext/v/Tomsk_polytechnic/2002/N8a41_full.pdf  |z Цветная версия без потери качества 
942 |c CF